Inglés 6º Básico Stepping Up: guía didáctica del docente

Na minha lista:
Detalhes bibliográficos
Autor principal: Césped Pardo, Viviana (Autor)
Formato: Livro
Idioma:inglês
espanhol
Publicado em: Santiago Ediciones Cal y Canto 2017
Edição:1a. ed
Assuntos:
Tags: Adicionar Tag
Sem tags, seja o primeiro a adicionar uma tag!

MARC

LEADER 00000cam a2200000 a 4500
001 UCD9805
003 CL-VaPUC
008 170709e20170000cl |||||||||||||||||eng|d
020 |a 9789563392272t.1 
020 |a 9789563392289t.2 
041 0 7 |a eng  |2 CL-VaPUC 
041 0 7 |a spa  |2 CL-VaPUC 
082 0 4 |a 372.6521  |b CES  |2 21 
100 0 |a Césped Pardo, Viviana  |e author  |9 593532 
245 1 0 |a Inglés 6º Básico Stepping Up: guía didáctica del docente 
250 |a 1a. ed 
300 |a t 
942 |c BK 
945 |d 20170709 17:01:00  |a dcastane 
260 |a Santiago  |b Ediciones Cal y Canto  |c 2017 
500 |a Incluye Cd con audio 
650 0 |a Enseñanza de idiomas  |9 339820 
650 0 |a Enseñanza del inglés  |9 367340 
650 0 |a Métodos de enseñanza  |9 270413 
650 0 |a Educación básica   |9 224933 
583 |a last modification  |c 20170824 03:16:24  |k Rodrigo Vera 
999 |c 368824  |d 368822 
952 |0 0  |1 0  |3 erb  |4 0  |6 372_652100000000000_CES_2017  |7 0  |8 A  |9 484266  |a BIBEDU  |b BIBEDU  |h t.1  |i 540584K  |l 1  |o 372.6521 CES 2017  |p 540584K  |q 2024-11-06  |r 2024-10-22  |s 2024-10-22  |w 2019-11-24  |y BK  |z Catalogado en:20170709  |k EPE 
952 |0 0  |1 0  |3 erb  |4 0  |6 372_652100000000000_CES_2017  |7 0  |8 A  |9 484267  |a BIBEDU  |b BIBEDU  |h t.2  |i 540603K  |o 372.6521 CES 2017  |p 540603K  |r 2019-11-24  |w 2019-11-24  |y BK  |z Catalogado en:20170709  |k EPE